000 00583nam a22002177a 4500
003 OSt
005 20210414105751.0
008 210309s1972 ||||| |||| 00| 0 eng d
020 _a0330233211
040 _aeng
_beng
_cDLC
041 _aeng
080 _a821.111
_bF-85
100 _9964
_aFraser, MacDonald. George
245 _aFresh For Freedom
_c/ by: Pan Books
260 _aLondon
_bPan Books
_c1972
300 _a286 p.
365 _b2.75 usd
650 0 _9247
_aEnglish literature
653 _aინგლისური ლიტერატურა
942 _2udc
_cBK
999 _c2049
_d2049